000 00648nam a22001937a 4500
003 OSt
005 20180116183028.0
008 151216b xxu||||| |||| 00| 0 eng d
020 _a02-552-96-1
024 _202-552-96-1
040 _cLahore LUMS
082 _a174.4 LUM 1996
100 _aKhan B A, Aijazuddin M
245 _aPAKISTAN TELECOMMUNICATION CORPORATION: JEWEL OF THE PRIVATIZATION PROCESS
_cKhan B A, Aijazuddin M
260 _aLahore LUMS
_b Lahore University of Management Sciences
_c1996
300 _a14 p.
_bPapers
440 _aPAKISTAN TELECOMMUNICATION CORPORATION: JEWEL OF THE PRIVATIZATION PROCESS
942 _2ddc
_cCS
999 _c350890
_d350890